000 00685nam a2200205Ii 4500
003 JO-AjNU
008 230605s9999||||xx |||||||||||||| ||und||
040 _aJO-AjNU
_bara
_erda
_cJO-AjNU
041 _aara
050 1 4 _aHF5679 1990
100 3 _aالشيرازي، عباس مهدي,
_eauthor
_945832
245 0 0 _aنظرية المحاسبة
250 _aط1
264 3 1 _aالكويت: دذات السلاسل للنشر والتوزيع، 1990
300 _a554ص
_bيحتوي على ببلوغرافية من ص549-554ص
336 _atext
_btxt
_2rdacontent
337 _aunmediated
_bn
_2rdamedia
338 _avolume
_bnc
_2rdacarrier
650 4 _aالمحاسبة
_945833
999 _aA19895
_c23463
_d23463